[Event "Muensterland Verbandsliga 0203"]
[Site "Muensterland"]
[Date "2002.10.26"]
[Round "2.3"]
[White "Althoff, Franz"]
[Black "Van Beek, Lucien"]
[Result "0-1"]
[WhiteElo "2141"]
[BlackElo "2348"]
[PlyCount "86"]
[EventDate "2002.09.21"]
[EventType "team"]
[EventRounds "9"]
[EventCountry "GER"]
[SourceTitle "EXT 2004"]
[Source "ChessBase"]
[SourceDate "2003.11.25"]
[SourceVersion "1"]
[SourceVersionDate "2003.11.25"]
[SourceQuality "1"]
[WhiteTeam "Westbevern"]
[BlackTeam "Emsdetten Turm II"]
[WhiteTeamCountry "GER"]
[BlackTeamCountry "GER"]

1. d4 Nf6 2. Nf3 e6 3. g3 d5 4. c4 dxc4 5. Qa4+ Bd7 6. Qxc4 Bc6 7. Bg2 Nbd7 8. Nc3 a5 9. 0-0 Bb4 10. Bg5 h6 11. Bxf6 Nxf6 12. Ne5 Bxg2 13. Kxg2 0-0 14. Nd3 Qe7 15. Rfe1 Rfd8 16. a3 Bxc3 17. bxc3 Rac8 18. Qb5 b6 19. e4 Nd7 20. c4 Qd6 21. Qb2 Nf6 22. Ne5 Qxd4 23. Qxd4 Rxd4 24. Nc6 Rd7 25. e5 Nh7 26. Rad1 Rxd1 27. Rxd1 Kf8 28. Rd7 Ng5 29. f3 f6 30. exf6 gxf6 31. h4 Nf7 32. h5 e5 33. f4 exf4 34. gxf4 Nd6 35. Rh7 Nf7 36. Kg3 Re8 37. Kg4 Kg8 38. Rxf7 Kxf7 39. Kf5 a4 40. Nb4 Re3 41. Nd5 Rxa3 42. Nxf6 Rc3 43. Ng4 a3 0-1